00769cam a22002291 4500001001300000003000400013005001700017008004100034010001700075035001900092040003300111042001200144050002500156100004400181245008800225260004800313300002600361490005200387650003100439650002800470740004100498l 37000110 DLC20260227111536.0770428s1937 dcua f000 0 eng c al 37000110  a(OCoLC)2922961 aU.S. Dept. of LaborcMidDLC apremarc00aHD6093b.A35 no. 1511 aMettert, Margaret Jane Thompson,d1907-10aInjuries to women in personal service occupations in Ohio,cby Margaret T. Mettert. aWashington,bU.S. Govt. Print. Off.,c1937. av, 23 p.bpl.c24 cm.0 aBulletin of the [U.S.] Women's bureau,vno. 151 0aIndustrial accidentszOhio 0aWomenxEmploymentzOhio0 aPersonal service occupations in Ohio